| 000 | 00704cab a2200253 4500 | ||
|---|---|---|---|
| 001 | X156 | ||
| 008 | 090401t1992 xxu||||| |||| 00| 0 eng d | ||
| 035 | _a(Sirsi) u64186 | ||
| 041 | _aeng | ||
| 100 | _aDrew, D.S. | ||
| 245 | _aCompetitiveness in bidding: a consultant`s perspective | ||
| 260 | _c1992 | ||
| 350 | _a0 | ||
| 490 |
_aConstruction Management & Economics _v10 1992, 227-247(21) |
||
| 650 | _aCOMPETITIVE BIDDING | ||
| 650 | _aCOMPETITIVE TENDERING | ||
| 650 | _aCONTRACT PROCEDURE | ||
| 650 | _aSELECTIVE COMPETITIVE TENDERING | ||
| 650 | _aTENDERING | ||
| 690 | _aBUILT ENVIRONMENT-BUILDING CONTRACT FORMS | ||
| 700 | _aSkitmore, R.M. | ||
| 942 | _n0 | ||
| 948 | _c04/03/1997 | ||
| 999 |
_c39963 _d39963 |
||